Govt. of
Madhya Pradesh

अन्‍तर्राष्‍ट्रीय राजनीति (Record no. 30844)

MARC details
000 -LEADER
fixed length control field 005830000a22001810004500
003 - CONTROL NUMBER IDENTIFIER
control field MACL
005 - DATE AND TIME OF LATEST TRANSACTION
control field 20160120134921.0
008 - FIXED-LENGTH DATA ELEMENTS--GENERAL INFORMATION
fixed length control field 160120b xxu||||| |||| 00| 0 eng d
040 ## - CATALOGING SOURCE
Original cataloging agency MACL
Transcribing agency MACL
041 ## - LANGUAGE CODE
Language code of text/sound track or separate title Hindi
082 ## - DEWEY DECIMAL CLASSIFICATION NUMBER
Classification number 320/FAD
100 ## - MAIN ENTRY--PERSONAL NAME
Personal name डॉ बी एल फडिृया
9 (RLIN) 33645
245 ## - TITLE STATEMENT
Title अन्‍तर्राष्‍ट्रीय राजनीति
260 ## - PUBLICATION, DISTRIBUTION, ETC. (IMPRINT)
Name of publisher, distributor, etc. साहित्‍य भवन पब्लिकेशन्‍स
Date of publication, distribution, etc. 2002
Place of publication, distribution, etc. आगरा
350 ## - PRICE (NR) (BK AM CF MU VM SE) [OBSOLETE]
Price 250
650 ## - SUBJECT ADDED ENTRY--TOPICAL TERM
Topical term or geographic name as entry element Political Science
9 (RLIN) 33646
942 ## - ADDED ENTRY ELEMENTS (KOHA)
Koha item type Hindi Books
Call number prefix 320
Source of classification or shelving scheme
Holdings
Withdrawn status Lost status Source of classification or shelving scheme Damaged status Not for loan Home library Current library Date acquired Cost, normal purchase price Total Checkouts Total Renewals Full call number Barcode Date last seen Date last checked out Uniform Resource Identifier Price effective from Koha item type
          MACL MACL 20/01/2016 250.00 4 1 320 CLC000528 05/11/2017 24/10/2017 30896 15/04/2015 Books